[Event "Treviso op-A 4th"]
[Site "Treviso"]
[Date "2023.04.01"]
[Round "2"]
[White "Rubini, Alessandro"]
[Black "Bozza, Gabriele"]
[Result "0-1"]
[WhiteElo "1702"]
[BlackElo "1854"]
[PlyCount "142"]
[EventDate "2023.03.31"]
[EventType "swiss"]
[EventRounds "5"]
[EventCountry "ITA"]
[SourceTitle "EXT 2024"]
[Source "ChessBase"]
[SourceDate "2023.10.10"]
[SourceVersion "1"]
[SourceVersionDate "2023.10.10"]
[SourceQuality "1"]

1. e4 e5 2. f4 Bc5 3. Nf3 d6 4. c3 Nf6 5. d4 Bb6 6. Qd3 0-0 7. fxe5 dxe5 8. Bg5 exd4 9. e5 Qe8 10. cxd4 Nd5 11. Be2 Nc6 12. a3 f6 13. exf6 Nxf6 14. Nc3 Bg4 15. 0-0-0 Bh5 16. Bxf6 gxf6 17. Rhe1 Rd8 18. Bf1 Qf7 19. d5 Ne5 20. Nxe5 fxe5 21. Qg3+ Qg7 22. Qxg7+ Kxg7 23. Be2 Be3+ 24. Kc2 Bg6+ 25. Bd3 Rf2+ 26. Kb3 Bd4 27. Bxg6 hxg6 28. Re2 Rxe2 29. Nxe2 Rxd5 30. Nxd4 exd4 31. Kc4 Rg5 32. Rxd4 Rxg2 33. Kc3 Rf2 34. Ra4 Rf3+ 35. Kc2 a6 36. Rb4 b6 37. Ra4 a5 38. Rc4 c5 39. h4 Kf6 40. b4 Rxa3 41. bxc5 bxc5 42. Rxc5 Ra4 43. Rc6+ Kg7 44. Rc5 Rxh4 45. Rxa5 Rd4 46. Ra7+ Kh6 47. Kc3 Rd8 48. Ra1 g5 49. Rh1+ Kg6 50. Rg1 Rd5 51. Kc4 Rf5 52. Kd4 Rf4+ 53. Ke5 Ra4 54. Rf1 g4 55. Rf4 Ra5+ 56. Ke4 Kg5 57. Rf8 Kh4 58. Rh8+ Kg3 59. Rg8 Kh3 60. Kf4 Ra4+ 61. Ke3 g3 62. Rh8+ Kg2 63. Ke2 Re4+ 64. Kd3 Re7 65. Rg8 Kh2 66. Rh8+ Kg1 67. Kd2 g2 68. Rh5 Kf2 69. Rf5+ Kg3 70. Rg5+ Kf3 71. Kd1 Re4 0-1

[Event "Nova Gorica op 25th"]
[Site "Nova Gorica"]
[Date "2020.01.26"]
[Round "4"]
[White "Bruaset, Eivind"]
[Black "Bozza, Gabriele"]
[Result "1-0"]
[WhiteElo "2217"]
[BlackElo "1941"]
[PlyCount "71"]
[EventDate "2020.01.24"]
[EventType "swiss"]
[EventRounds "9"]
[EventCountry "SLO"]
[SourceTitle "CBM 194"]
[Source "ChessBase"]
[SourceDate "2020.02.29"]
[SourceVersion "1"]
[SourceVersionDate "2020.02.29"]
[SourceQuality "1"]

1. e4 e5 2. Nc3 Nf6 3. f4 d5 4. fxe5 Nxe4 5. Qf3 Nc6 6. Bb5 Nxc3 7. dxc3 Be6 8. Qg3 a6 9. Bxc6+ bxc6 10. Nf3 Qd7 11. 0-0 0-0-0 12. b4 c5 13. Be3 d4 14. cxd4 cxb4 15. a3 bxa3 16. Nd2 Qa4 17. Qf3 Bb4 18. Ne4 Bd5 19. c3 Be7 20. Qg4+ Qd7 21. Qe2 Qb5 22. Qg4+ Qd7 23. Qf4 Qc6 24. Nd2 Qxc3 25. Qg4+ Be6 26. Qe2 Qc6 27. Rfc1 Qb5 28. Nc4 Bxc4 29. Rxc4 Qb2 30. Qd1 Qb5 31. Qc2 Rd7 32. Rc1 Qb6 33. Bf2 Bb4 34. d5 Qb7 35. d6 a5 36. Qf5 1-0

[Event "Nova Gorica op 25th"]
[Site "Nova Gorica"]
[Date "2020.01.24"]
[Round "1"]
[White "Bozza, Gabriele"]
[Black "Mohar, Martin"]
[Result "0-1"]
[WhiteElo "1941"]
[BlackElo "1688"]
[PlyCount "64"]
[EventDate "2020.01.24"]
[EventType "swiss"]
[EventRounds "9"]
[EventCountry "SLO"]
[SourceTitle "CBM 194"]
[Source "ChessBase"]
[SourceDate "2020.02.29"]
[SourceVersion "1"]
[SourceVersionDate "2020.02.29"]
[SourceQuality "1"]

1. d4 Nf6 2. c4 g6 3. Nc3 d5 4. Nf3 Bg7 5. Qb3 dxc4 6. Qxc4 0-0 7. e4 a6 8. Be2 b5 9. Qb3 Bb7 10. e5 Nd5 11. 0-0 Nxc3 12. Qxc3 Nd7 13. a4 c6 14. a5 c5 15. dxc5 Qc7 16. Bf4 Qxc5 17. Qxc5 Nxc5 18. b4 Nd7 19. Rfd1 Rad8 20. Rac1 Bxf3 21. Bxf3 Nxe5 22. Bb7 Nd3 23. Bc7 Rd4 24. Bb6 Nxc1 25. Rxc1 Rxb4 26. Bxa6 Bd4 27. Kf1 Bxb6 28. axb6 Rc4 29. Rxc4 bxc4 30. b7 c3 31. Ke2 Rd8 32. Bd3 f5 0-1

[Event "Palmanova op 8th"]
[Site "Palmanova"]
[Date "2019.12.07"]
[Round "2"]
[White "Bozza, Gabriele"]
[Black "Zamengo, Fulvio"]
[Result "0-1"]
[WhiteElo "1948"]
[BlackElo "2357"]
[PlyCount "95"]
[EventDate "2019.12.06"]
[EventType "swiss"]
[EventRounds "5"]
[EventCountry "ITA"]
[SourceTitle "CBM 193 Extra"]
[Source "ChessBase"]
[SourceDate "2020.01.31"]
[SourceVersion "1"]
[SourceVersionDate "2020.01.31"]
[SourceQuality "1"]

1. d4 Nf6 2. c4 g6 3. Nc3 d5 4. Nf3 Bg7 5. Qb3 dxc4 6. Qxc4 a6 7. Bf4 c6 8. e3 b5 9. Qb3 0-0 10. Be2 Nbd7 11. 0-0 Nh5 12. Bg5 h6 13. Bh4 g5 14. Bg3 Nxg3 15. hxg3 e5 16. dxe5 Nxe5 17. Nxe5 Bxe5 18. Rfd1 Qe7 19. Bf3 Be6 20. Qc2 Rac8 21. g4 h5 22. gxh5 g4 23. Be4 Qh4 24. g3 Qxh5 25. Ne2 f5 26. Bg2 Rf6 27. Nf4 Bxf4 28. exf4 Rh6 29. b3 Re8 30. Rd3 Bf7 31. Qd2 Bd5 32. Rxd5 cxd5 33. Bxd5+ Kh7 34. Qc2 Qg6 35. Rc1 Qf6 36. a4 bxa4 37. bxa4 Rg6 38. Kg2 Rg7 39. Rh1+ Kg6 40. Qa2 Rh7 41. Rc1 Rd8 42. Rc6 Rd6 43. Rc8 Rhd7 44. Bc6 Rxc6 45. Qg8+ Kh6 46. Rf8 Qg7 47. Rc8 Qf6 48. Qg5+ 0-1

[Event "Palmanova op 8th"]
[Site "Palmanova"]
[Date "2019.12.06"]
[Round "1"]
[White "Dappiano, Andrea"]
[Black "Bozza, Gabriele"]
[Result "1/2-1/2"]
[WhiteElo "2258"]
[BlackElo "1948"]
[PlyCount "60"]
[EventDate "2019.12.06"]
[EventType "swiss"]
[EventRounds "5"]
[EventCountry "ITA"]
[SourceTitle "CBM 193 Extra"]
[Source "ChessBase"]
[SourceDate "2020.01.31"]
[SourceVersion "1"]
[SourceVersionDate "2020.01.31"]
[SourceQuality "1"]

1. e4 e5 2. Bc4 Nf6 3. d3 Nc6 4. Nc3 Bc5 5. f4 d6 6. Nf3 Ng4 7. Qe2 exf4 8. Bxf4 Nge5 9. Nxe5 Nxe5 10. Bxe5 dxe5 11. Qh5 0-0 12. Qxe5 Bd4 13. Qg3 c6 14. Nd1 b5 15. Bb3 a5 16. c3 a4 17. Bc2 Qa5 18. Ke2 Ba7 19. Ne3 b4 20. c4 Bd4 21. Rab1 b3 22. axb3 axb3 23. Bxb3 Rb8 24. Bc2 Rxb2 25. Rxb2 Bxb2 26. Rb1 Bd4 27. Bb3 Qh5+ 28. Kd2 Qa5+ 29. Ke2 Qh5+ 30. Kd2 Qa5+ 1/2-1/2

[Event "Udine Oro Caffe op 3rd"]
[Site "Udine"]
[Date "2010.07.10"]
[Round "6"]
[White "Bozza, Gabriele"]
[Black "Menon, Michele"]
[Result "1-0"]
[WhiteElo "2000"]
[BlackElo "1733"]
[PlyCount "58"]
[EventDate "2010.07.05"]
[EventType "swiss"]
[EventRounds "7"]
[EventCountry "ITA"]
[SourceTitle "EXT 2024"]
[Source "ChessBase"]
[SourceDate "2023.10.10"]
[SourceVersion "1"]
[SourceVersionDate "2023.10.10"]
[SourceQuality "1"]

1. d4 d6 2. c4 Nf6 3. Nc3 Nbd7 4. e4 e5 5. d5 Nc5 6. f3 a5 7. Be3 b6 8. Nge2 Be7 9. Qd2 Bd7 10. g4 Qb8 11. Ng3 0-0 12. Nb5 Rc8 13. g5 Ne8 14. h4 c6 15. dxc6 Bxc6 16. h5 Qb7 17. g6 fxg6 18. hxg6 hxg6 19. Bxc5 dxc5 20. Bh3 Kf7 21. Bxc8 Rxc8 22. 0-0-0 Rd8 23. Qc3 Bxb5 24. cxb5 Rd4 25. Rxd4 exd4 26. Qc4+ Kf6 27. e5+ Kxe5 28. Re1+ Kf4 29. Qf7+ Bf6 1-0

[Event "Udine Oro Caffe op 3rd"]
[Site "Udine"]
[Date "2010.07.07"]
[Round "3"]
[White "Bozza, Gabriele"]
[Black "Varini, Massimo"]
[Result "1-0"]
[WhiteElo "2000"]
[BlackElo "2076"]
[PlyCount "71"]
[EventDate "2010.07.05"]
[EventType "swiss"]
[EventRounds "7"]
[EventCountry "ITA"]
[SourceTitle "EXT 2024"]
[Source "ChessBase"]
[SourceDate "2023.10.10"]
[SourceVersion "1"]
[SourceVersionDate "2023.10.10"]
[SourceQuality "1"]

1. d4 d5 2. c4 e6 3. Nc3 Nf6 4. Bg5 Be7 5. e3 0-0 6. Nf3 Nbd7 7. Rc1 a6 8. Qc2 dxc4 9. Bxc4 h6 10. Bh4 b5 11. Bd3 c5 12. Bxf6 Nxf6 13. dxc5 Bxc5 14. 0-0 Bb7 15. Ne4 Be7 16. Rfd1 Nd5 17. a3 Rc8 18. Qb3 Qb6 19. Bb1 Rxc1 20. Rxc1 Rd8 21. Nd4 g6 22. Qc2 e5 23. Nf3 Nxe3 24. Qe2 Nc4 25. a4 f5 26. Nc3 e4 27. Ba2 Kg7 28. axb5 Na5 29. b4 Bxb4 30. Qb2 Bxc3 31. Qxc3+ Kh7 32. bxa6 Bxa6 33. Ne5 Rc8 34. Qd2 Rd8 35. Qc2 Qd6 36. Qc7+ 1-0

[Event "Udine Oro Caffe op 3rd"]
[Site "Udine"]
[Date "2010.07.06"]
[Round "2"]
[White "Trento, Giacomo"]
[Black "Bozza, Gabriele"]
[Result "0-1"]
[WhiteElo "1794"]
[BlackElo "2000"]
[PlyCount "53"]
[EventDate "2010.07.05"]
[EventType "swiss"]
[EventRounds "7"]
[EventCountry "ITA"]
[SourceTitle "EXT 2024"]
[Source "ChessBase"]
[SourceDate "2023.10.10"]
[SourceVersion "1"]
[SourceVersionDate "2023.10.10"]
[SourceQuality "1"]

1. e4 e5 2. f4 Bc5 3. Nf3 d6 4. Bc4 Nf6 5. d3 Nc6 6. c3 0-0 7. b4 Bb6 8. Qb3 Ng4 9. Rf1 exf4 10. Bxf4 Qe7 11. Bg5 Qe8 12. Nbd2 Nce5 13. 0-0-0 Nxc4 14. Nxc4 Be6 15. d4 d5 16. exd5 Bxd5 17. Rfe1 Qc6 18. Nce5 Bxb3 19. Nxc6 Bxd1 20. Ne7+ Kh8 21. Kxd1 f6 22. Bc1 Rad8 23. Nh4 Rfe8 24. h3 Ne5 25. Nhf5 Nd3 26. Rf1 Rf8 27. Bd2 0-1